| 000 | 00586nam a22001937a 4500 | ||
|---|---|---|---|
| 005 | 20250430152726.0 | ||
| 010 | _aENG-144653 | ||
| 020 |
_a9789391766610 _c495.00 |
||
| 035 | _aEN-128185 | ||
| 037 | _bDBAD | ||
| 082 | _a158.4 | ||
| 100 |
_aSharma, Radhakrishnan _980961 |
||
| 245 |
_aHow to Boost Self-Confidence/ _cby Radhakrishnan Sharma |
||
| 250 | _a1 | ||
| 260 |
_aNew Delhi _bAtharv Publications _c2024 |
||
| 270 |
_a110, 1st Floor, Gali No.4, Harphool Vihar, Bapraula _bNew Delhi _e110043 |
||
| 300 |
_a168p. _c22cm(Hb) |
||
| 942 |
_2ddc _cEN _h158.4 _mSHA _e1 |
||
| 999 |
_c209463 _d209463 |
||